000 00436pam a2200157a 44500
008 230405s2013 xxu||||| |||| 00| 0 eng d
041 _aENG
100 _aSALUNKHE D K
245 _aHAND BOOK OF FRUIT SCINCE AND TECNOLOGY
250 _a1ST Ed.
260 _aFRAN
_bCRC PRESS TAYLOR & FRANCIS GROUP
_c2013
300 _a611p.
440 _aBHARATI GRAHAK BHANDAR , BILL NO -4424 ,16/08.2018
700 _aRADAM S S
906 _a2146
999 _c291024
_d291024